000 00612nam a22001937a 4500
003 OSt
005 20151111122322.0
008 151111b xxu||||| |||| 00| 0 eng d
020 _a9780443069727
040 _cDNLM
082 _aQU145 G277f 2009
100 _aGeissler, Catherine; Powers, Hilary
_96090
245 _aFundamentals of human nutrition:
_bfor students and practitioners in the health sciences
260 _aEdinburgh;
_bChurchill,
_c2009
300 _ax,314p;col.ill:24cm
504 _aGlossary, references, bibliography, & index included
650 _aHuman nutrition
_96091
942 _2z
_cO_SHELF
999 _c2508
_d2508